| 000 | 00791nam a2200241Ia 4500 | ||
|---|---|---|---|
| 003 | OSt | ||
| 005 | 20220926022302.0 | ||
| 006 | a|||||r|||| 00| 0 | ||
| 007 | ta | ||
| 008 | 220923b |||||||| |||| 00| 0 eng d | ||
| 037 | _cGeneral Book | ||
| 040 |
_aRTL _cRTL _beng |
||
| 041 |
_2eng _aeng |
||
| 082 | _aX:54.1N45.N88s, M8/UN | ||
| 110 | _aUNITED NATIONS. ECONOMIC AND SOCIAL DEVELOPMENT (Department of--) | ||
| 245 | 0 | _aCommodity trade statistics, 1987. | |
| 260 |
_aNew York _bUnited Nations India _c1988 |
||
| 300 |
_a429p. _ccm. |
||
| 500 | _aStatistical papers series D, vol.xxvii, no. 1-1 | ||
| 700 | _aUNITED NATIONS. ECONOMIC AND SOCIAL DEVELOPMENT (Department of--) | ||
| 942 |
_hX:54.1N45.N88s, M8/UN _cGB _2CC |
||
| 999 |
_c639103 _d639103 |
||